Puss in Boots: Characters by Picture - Statistics

General Stats
  • This quiz has been taken 32 times
  • The average score is 12 of 20
Answer Stats
Picture Answer % Correct
Puss in Boots
100%
Death
89%
Donkey
75%
Humpty Alexander Dumpty
75%
Kitty Softpaws
75%
Shrek
75%
Pinocchio
71%
Baby Bear
68%
Mama Bear
68%
Papa Bear
68%
"Big" Jack Horner
64%
Goldilocks
64%
Gingerbread Man
61%
Perrito
57%
Talking Cricket
57%
Jack & Jill
39%
Mama Luna
36%
Serpent Sisters
32%
The Great Terror
25%
Imelda
18%
No matching quizzes found
Score Distribution
Percent of People with Each Score
Percentile by Number Answered
Your Score History
You have not taken this quiz